|
|
|
|
| LEADER |
00000nab a2200000uu 4500 |
| 001 |
vtls011146509 |
| 003 |
SK-MaSNL |
| 005 |
20260303151119.0 |
| 008 |
230222|1964 xo |||||||||||||||||pol| |
| 015 |
|
|
|a SNBRB
|
| 035 |
|
|
|a (urnnbn)urn:nbn:sk:snk:ar-008n24
|
| 035 |
|
|
|a (uuid)f5ba8d19-f8ed-4fb4-9be5-1970be42fc50
|
| 035 |
|
|
|a urn:nbn:sk:snk-abax26
|
| 040 |
|
|
|a SNKBUCL
|b slo
|c SNKBUCL
|e AACR2
|
| 041 |
0 |
|
|a pol
|
| 044 |
|
|
|a xo
|c SK
|
| 100 |
1 |
|
|a Rospond, Stanisław
|4 aut
|9 1170284
|
| 245 |
1 |
0 |
|a Bratislava - *Braslav-jь
|c Stanisław Rospond
|
| 773 |
0 |
|
|t Sborník Filozofickej fakulty Univerzity Komenského. Philologica
|g Roč. 16-A, č. 1 (1964), s. 67-70
|
| 958 |
|
|
|a OND
|
| 958 |
|
|
|a EUIPO
|
| 958 |
|
|
|a article14
|
| 999 |
|
|
|c 2016031
|d 2017961
|